000 00711nam a2200205Ia 4500
999 _c39511
_d39511
001 6107
003 GE_BSU
005 20190919112636.0
008 181216s1940||||ge |||||||||||||| ||geo||
040 _cGE_BSU
041 _ageo
080 _a821.353.1-1 ა-87
100 _aასათიანი, ლადო
_94107
245 _aლექსები /
_cლადო ასათიანი ; პ/მგ. რედ. ი. ხოშტარია.
264 _aთბილისი :
_bსახელგამი ;
_c1940.
300 _a64 გვ. ;
_c23 სმ.
653 _aლექსები
700 _aხოშტარია, ი.
_e რედაქტორი
_94108
942 _cBK
_2udc